Goodvertising As a Paradigmatic Change in Contemporary Advertising and Corporate Strategy
Jedným z najnovších a veľmi dôležitých trendov súčasnej reklamy je goodvertising - "dobrá reklama", t. j. značky komunikujú o témach dobra týkajúcich sa celej spoločnosti a dokonca aj o sociálnych zmenách. Spoločnosti, korporácie a podnikatelia týmto robia svoju reklamu a ich cieľom je dosiahnuť pov...
Salvato in:
| Autore principale: | |
|---|---|
| Natura: | Capitolo di libro |
| Lingua: | inglese |
| Soggetti: | |
| Tags: |
Nessun Tag, puoi essere il primo ad aggiungerne!!
|
MARC
| LEADER | 00000nla a2200000 4500 | ||
|---|---|---|---|
| 001 | 0243004 | ||
| 005 | 20210325112048.3 | ||
| 041 | 0 | |a eng | |
| 044 | |a SK | ||
| 245 | 1 | 0 | |a Goodvertising As a Paradigmatic Change in Contemporary Advertising and Corporate Strategy |c Pavol Minár |
| 520 | |a Jedným z najnovších a veľmi dôležitých trendov súčasnej reklamy je goodvertising - "dobrá reklama", t. j. značky komunikujú o témach dobra týkajúcich sa celej spoločnosti a dokonca aj o sociálnych zmenách. Spoločnosti, korporácie a podnikatelia týmto robia svoju reklamu a ich cieľom je dosiahnuť povedomie, že majú širší záujem ako iba sledovanie predajných kriviek. | ||
| 610 | 2 | 0 | |a reklama |
| 610 | 2 | 0 | |a marketing |
| 610 | 2 | 0 | |a vzťahy so zákazníkmi |
| 610 | 2 | 0 | |a komunikácia marketingová |
| 610 | 2 | 0 | |a stratégia marketingová |
| 610 | 2 | 0 | |a stratégia obchodná |
| 610 | 2 | 0 | |a zákazníci |
| 610 | 2 | 0 | |a spoločnosť |
| 610 | 2 | 0 | |a morálka |
| 610 | 2 | 0 | |a etika |
| 100 | 1 | |a Minár, Pavol | |